One Piece - Membre des D - Statistiques

Statistiques générales
  • Ce quiz a été pris 531 fois
  • Le résultat moyen est 10 sur 16
Statistiques - réponses
Réponse % Correct
Monkey D Luffy
100%
Gol D Roger
94%
Monkey D Dragon
93%
Monkey D Garp
91%
Portgas D Ace
91%
Trafalgar D Water Law
90%
Marshall D Teach
87%
Portgas D Rouge
61%
Rocks D Xebec
61%
Nefertari D Vivi
53%
Nefertari D Cobra
49%
Haguar D Sauro
44%
Nefertari D Lillie
32%
Claw D Clover
17%
Trafalgar D Water Lamy
17%
Nefertari D Titi
11%
Aucun quiz correspondant
Distribution des résultats
% des personnes avec chaque résultat
Percentile par nombre de réponses
Votre historique - résultats
Vous n’avez pas pris ce quiz